000 00366nam a22001697a 4500
005 20260616115729.0
020 _a9788198363886
041 _aEnglish
082 _aT10 R24 IRU
100 _aIrudayaraj S J
245 _aVazhakkaarugal Kaattum Vaazhviyal
250 _a01
260 _aChennai
_bNCBH
_c2024
300 _a176
365 _b150.00
942 _cBK
999 _c177881
_d177881